000 00888nam a22002657a 4500
005 20170123162341.0
010 _aA-412296
020 _c45.00
_a8185360545
035 _aA-412296
037 _bCen Lib/Ret
040 _aDPL
_bUR
082 _a841
_bا ف ت
100 _aافتخار عارفی
_9127585
245 _aمہار ڈوم نیم /
_cافتخار عارفی
246 _aMahar-e-deef /
_bby Inftekhar Arfi
250 _a1990
260 _aدہلی
_bایجوکیشنل پبلشنگ ہاؤس
_c1990
270 _aگلی عزیز ادیں وکیل کچہ پنڈت لال کان
_bدہلی
_e110006
300 _a184p.
_c21cm(Hb)
650 _aادب -- اردو
_9127586
650 _aاردو سوانے عمری
_9127587
650 _aUrdu literature
_9127588
650 _aUrdu -- biography
_9511
942 _2ddc
_cUR
_h841
_mا ف ت
999 _c108557
_d108557